000 01091cam a2200217 4500
001 WS124007
008 031024n 000 0 eng u
035 _a(Sirsi) u124007
110 _aInternational Institute of Sustainable Development
_94537
245 _aInternational Institute of Sustainable Development
520 _aWeb site for this international organisation which advances policy recommendations on international trade and investment, economic policy, climate change and natural resource management in order to promote sustainable development. Includes links to their journal 'IISD News' and their library database. Also includes pages on business and sustainable development, climate change, sustainable communities and energy conservation.
650 _aORGANISATION
650 _aINTERNATIONAL
650 _aSUSTAINABLE DEVELOPMENT
650 _aCLIMATE CHANGE
650 _aNATURAL RESOURCES
650 _aENERGY CONSERVATION
690 _aDEVELOPMENT-SUSTAINABLE
856 4 0 _uhttps://www.iisd.org
_zView the website free of charge at www.iisd.org...
942 _n0
999 _c120340
_d120340